Tovaroznalectvo potravinárskeho tovaru
Na minha lista:
| Autor principal: | |
|---|---|
| Autor Corporativo: | |
| Outros Autores: | , , |
| Formato: | Livro |
| Idioma: | eslovaco |
| Publicado em: |
Bratislava
Vydavateľstvo EKONÓM
2007
|
| Edição: | 2. vyd. |
| Assuntos: | |
| Tags: |
Sem tags, seja o primeiro a adicionar uma tag!
|
MARC
| LEADER | 00000nam$a2200000$$$4500 | ||
|---|---|---|---|
| 001 | 0056304 | ||
| 005 | 20240502071635.2 | ||
| 020 | |a 978-80-225-2317-2 | ||
| 020 | |a 978-80-225-2944-0 | ||
| 041 | 0 | |a slo | |
| 044 | |a SK | ||
| 245 | 1 | 0 | |a Tovaroznalectvo potravinárskeho tovaru |c Alica Lacková, Marta Karkalíková |
| 250 | |a 2. vyd. | ||
| 264 | 1 | |a Bratislava |b Vydavateľstvo EKONÓM |c 2007 | |
| 300 | |a 192 s. | ||
| 610 | 2 | 0 | |a tovaroznalectvo |
| 610 | 2 | 0 | |a tovar poľnohospodársky |
| 610 | 2 | 0 | |a potraviny |
| 610 | 2 | 0 | |a potravinárstvo |
| 610 | 2 | 0 | |a marketing |
| 610 | 2 | 0 | |a kvalita tovaru |
| 610 | 2 | 0 | |a normy právne |
| 610 | 2 | 0 | |a zákony |
| 610 | 2 | 0 | |a balenie |
| 610 | 2 | 0 | |a skladovanie |
| 610 | 2 | 0 | |a inovácia |
| 610 | 2 | 0 | |a výrobky živočíšne |
| 610 | 2 | 0 | |a výrobky rastlinné |
| 610 | 2 | 0 | |a tabak |
| 100 | 1 | |a Lacková, Alica | |
| 700 | 1 | |a Karkalíková, Marta | |
| 700 | 1 | |a Kollár, Vojtech | |
| 700 | 1 | |a Filová, Gabriela | |
| 710 | 2 | |a Ekonomická univerzita v Bratislave. Obchodná fakulta | |